[Event "Muensterland Verbandsklasse playoff"]
[Site "Germany"]
[Date "2022.04.23"]
[Round "2.2"]
[White "Lachmuth, Mathias"]
[Black "Wigger, Niklas"]
[Result "0-1"]
[WhiteElo "1673"]
[BlackElo "1819"]
[PlyCount "106"]
[EventDate "2022.04.02"]
[EventType "team-tourn"]
[EventRounds "5"]
[EventCountry "GER"]
[SourceTitle "EXT 2023"]
[Source "ChessBase"]
[SourceDate "2022.10.05"]
[SourceVersion "1"]
[SourceVersionDate "2022.10.05"]
[SourceQuality "1"]
[WhiteTeam "Reckenfeld"]
[BlackTeam "Heiden"]
[WhiteTeamCountry "GER"]
[BlackTeamCountry "GER"]

1. Nf3 c5 2. b3 d5 3. Bb2 Nf6 4. e3 Nc6 5. Bb5 e6 6. 0-0 Be7 7. Ne5 Qc7 8. Bxc6+ bxc6 9. c4 0-0 10. d4 Bb7 11. Nd2 cxd4 12. exd4 c5 13. Ndf3 Rfd8 14. Nxf7 Kxf7 15. Ng5+ Kg8 16. Nxe6 Qb6 17. Nxd8 Rxd8 18. dxc5 Bxc5 19. Bxf6 Qxf6 20. Qh5 Bxf2+ 21. Kh1 dxc4 22. Rad1 Rxd1 23. Qe8+ Qf8 24. Qxf8+ Kxf8 25. Rxd1 Ke7 26. bxc4 Ba6 27. Rf1 Bb6 28. Rf4 Kd6 29. Rh4 h6 30. Rg4 g5 31. h4 Be3 32. Re4 Bb6 33. hxg5 hxg5 34. Kh2 Bb7 35. Re1 Bc6 36. Kg3 Bd4 37. Kg4 Bxg2 38. Kxg5 Kc5 39. Re2 Bf1 40. Re7 Kxc4 41. Rb7 a5 42. Kf4 a4 43. Rb1 Bd3 44. Rb8 a3 45. Ra8 Bb2 46. Rc8+ Kd4 47. Rd8+ Kc3 48. Rc8+ Kd2 49. Rd8 Kc2 50. Ke3 Bg6 51. Rg8 Bf7 52. Rg2+ Kb1 53. Kd2 Kxa2 0-1

[Event "Muensterland Verbandsklasse 1920"]
[Site "Germany"]
[Date "2019.11.16"]
[Round "3.4"]
[White "Willermann, Norbert"]
[Black "Wigger, Niklas"]
[Result "1-0"]
[WhiteElo "1597"]
[BlackElo "1819"]
[PlyCount "37"]
[EventDate "2019.09.14"]
[EventType "team-tourn"]
[EventRounds "7"]
[EventCountry "GER"]
[SourceTitle "EXT 2023"]
[Source "ChessBase"]
[SourceDate "2022.10.05"]
[SourceVersion "1"]
[SourceVersionDate "2022.10.05"]
[SourceQuality "1"]
[WhiteTeam "Emsdetten Rochade III"]
[BlackTeam "Heiden"]
[WhiteTeamCountry "GER"]
[BlackTeamCountry "GER"]

1. e4 c5 2. Nf3 d6 3. d4 cxd4 4. Nxd4 Nf6 5. Nc3 a6 6. f3 g6 7. Be3 Bg7 8. Qd2 0-0 9. g4 Nc6 10. h4 h5 11. gxh5 Nxh5 12. Bc4 Na5 13. Be2 b5 14. Bh6 Nc4 15. Bxc4 bxc4 16. Bxg7 Kxg7 17. Nd5 Bb7 18. Nf5+ Kh7 19. Qh6+ 1-0

[Event "Muensterland Verbandsklasse 1920"]
[Site "Germany"]
[Date "2019.09.14"]
[Round "1.5"]
[White "Sicking, Andreas"]
[Black "Wigger, Niklas"]
[Result "1/2-1/2"]
[WhiteElo "1587"]
[BlackElo "1771"]
[PlyCount "43"]
[EventDate "2019.09.14"]
[EventType "team-tourn"]
[EventRounds "7"]
[EventCountry "GER"]
[SourceTitle "EXT 2023"]
[Source "ChessBase"]
[SourceDate "2022.10.05"]
[SourceVersion "1"]
[SourceVersionDate "2022.10.05"]
[SourceQuality "1"]
[WhiteTeam "Heiden II"]
[BlackTeam "Heiden"]
[WhiteTeamCountry "GER"]
[BlackTeamCountry "GER"]

1. e4 c5 2. f4 d6 3. h3 Nc6 4. Nf3 e6 5. Be2 Be7 6. 0-0 Nf6 7. d3 a6 8. c3 b5 9. Qe1 Bb7 10. e5 Nd7 11. d4 Qc7 12. Be3 Rc8 13. Nbd2 b4 14. Ne4 Nxd4 15. Nxd6+ Bxd6 16. cxd4 Be7 17. Qg3 f6 18. Rfc1 Qa5 19. Qe1 0-0 20. a3 cxd4 21. Rxc8 Rxc8 22. Bxd4 1/2-1/2

[Event "Muensterland Verbandsliga 1819"]
[Site "Germany"]
[Date "2018.11.24"]
[Round "4.8"]
[White "Wigger, Niklas"]
[Black "Theissen, Frank"]
[Result "1/2-1/2"]
[WhiteElo "1727"]
[BlackElo "1693"]
[PlyCount "56"]
[EventDate "2018.09.01"]
[EventType "team-tourn"]
[EventRounds "9"]
[EventCountry "GER"]
[SourceTitle "EXT 2020"]
[Source "ChessBase"]
[SourceDate "2019.10.17"]
[SourceVersion "1"]
[SourceVersionDate "2019.10.17"]
[SourceQuality "1"]
[WhiteTeam "Heiden"]
[BlackTeam "Borken"]
[WhiteTeamCountry "GER"]
[BlackTeamCountry "GER"]

1. e4 e6 2. d4 d5 3. Nd2 dxe4 4. Nxe4 Bd7 5. Nf3 Bc6 6. Bd3 Nd7 7. 0-0 Ngf6 8. Nxf6+ Nxf6 9. c3 Bxf3 10. Qxf3 Qd5 11. Qxd5 Nxd5 12. Re1 0-0-0 13. a4 h6 14. a5 c6 15. a6 b6 16. Bd2 Nf6 17. Be3 Nd5 18. Rac1 Nxe3 19. fxe3 Bd6 20. Rf1 Rhf8 21. b4 Kd7 22. Rf2 Ke7 23. Rb1 f5 24. g3 Rb8 25. e4 fxe4 26. Bxe4 Rxf2 27. Kxf2 Rf8+ 28. Kg2 Kd7 1/2-1/2